Tazkira-e-Auliya-e-Hyderabad (Record no. 21097)
[ view plain ]
| 000 -LEADER | |
|---|---|
| fixed length control field | 00292nam a22001337a 4500 |
| 082 ## - DEWEY DECIMAL CLASSIFICATION NUMBER | |
| Classification number | 297.4 |
| Author Cutter | TAL |
| 100 ## - MAIN ENTRY--AUTHOR NAME | |
| Author name | Taley, S.Murad Ali |
| 245 ## - TITLE STATEMENT | |
| Title | Tazkira-e-Auliya-e-Hyderabad |
| 260 ## - PUBLICATION, DISTRIBUTION, ETC. (IMPRINT) | |
| Place of publication | Hyderabad |
| Year of publication | 1984 |
| 300 ## - PHYSICAL DESCRIPTION | |
| Number of Pages | 136 P. |
| 650 ## - SUBJECT ADDED ENTRY--TOPICAL TERM | |
| Topical Term | Sufism- Malfoozat |
| 942 ## - ADDED ENTRY ELEMENTS (KOHA) | |
| Koha item type | Books |
| Home library | Current library | Shelving location | Date acquired | Full call number | Accession Number | Koha item type |
|---|---|---|---|---|---|---|
| Henry Martyn Institute Library | Henry Martyn Institute Library | General stacks | 06/05/2018 | 297.4 TAL V1 | 12166 | Books |
| Henry Martyn Institute Library | Henry Martyn Institute Library | General stacks | 06/05/2018 | 297.4 TAL V2 | 12167 | Books |
| Henry Martyn Institute Library | Henry Martyn Institute Library | General stacks | 06/05/2018 | 297.4 TAL V3 | 12168 | Books |
| Henry Martyn Institute Library | Henry Martyn Institute Library | General stacks | 06/05/2018 | 297.4 TAL V4 | 12169 | Books |
